000 00570cam a22002053a 4500
001 37857
003 PGUSA
005 20140828083830.0
008 111026s2011||||xxu|||||s|||||000 | eng d
040 _aPGUSA
_beng
042 _adc
100 1 _aCastlemon, Harry,
_d1842-1915
245 1 4 _aThe Haunted Mine
_h[electronic resource] /
_cHarry Castlemon
260 _bProject Gutenberg,
_c2011
506 _aPublic domain in the USA.
516 _aElectronic text
830 0 _aProject Gutenberg
_v37857
856 4 0 _uhttp://www.gutenberg.org/ebooks/37857
942 _cEB
999 _c267111
_d267111